Governance Framework For A New Africa/ (Record no. 201713)

MARC details
000 -LEADER
fixed length control field 00605nam a22001817a 4500
005 - DATE AND TIME OF LATEST TRANSACTION
control field 20240321145640.0
010 ## - LCCN (DPL NO)
LC control number ENG-139828
020 ## - INTERNATIONAL STANDARD BOOK NUMBER
International Standard Book Number 9789390746422
Terms of availability 949.00
035 ## - SYSTEM CONTROL NUMBER
System control number EN-123360
037 ## - SOURCE OF ACQUISITION
Source of stock number/acquisition DBAD/PUB
245 ## - TITLE STATEMENT
Title Governance Framework For A New Africa/
Statement of responsibility, etc Edited By Peter Odhiambo Ndege ..[et.al]
260 ## - PUBLICATION, DISTRIBUTION, ETC. (IMPRINT)
Place of publication, distribution, etc Belgharia
Name of publisher, distributor, etc Exceller Books
270 ## - ADDRESS
Address G1, Dream Apartment , Degree College
City Kolkata
Postal code 700056
300 ## - PHYSICAL DESCRIPTION
Extent 281pg;
Dimensions 24cm(Pbk)
710 ## - ADDED ENTRY--CORPORATE NAME
Corporate name or jurisdiction name as entry element Micheal Mawa
Relator term Editor
9 (RLIN) 63792
710 ## - ADDED ENTRY--CORPORATE NAME
Corporate name or jurisdiction name as entry element Thomas Otieno Juma
Relator term Editor
9 (RLIN) 63793
942 ## - ADDED ENTRY ELEMENTS (KOHA)
Source of classification or shelving scheme Dewey Decimal Classification
Item type English Books
Classification part 320.966032
Call number suffix GOV
Holdings
Withdrawn status Lost status Not for loan Collection code Home library Current library Date acquired Source of acquisition Cost, normal purchase price Full call number Barcode Copy number Cost, replacement price Koha item type
      Non-fiction Bawana Bawana 21/03/2024 DBAD/PUB 949.00 320.966032 GOV EN-123360 1 949.00 English Books

© Delhi Public Library
Hit Counter
free hit counter